Rainbow Estates Ltd v Tokenhold Ltd and another (Record no. 54775)
[ view plain ]
| 000 -LEADER | |
|---|---|
| fixed length control field | 01556cab a2200253 4500 |
| 001 - CONTROL NUMBER | |
| control field | ABS58922 |
| 008 - FIXED-LENGTH DATA ELEMENTS--GENERAL INFORMATION | |
| fixed length control field | 090401t1998 xxu||||| |||| 00| 0 eng d |
| 035 ## - SYSTEM CONTROL NUMBER | |
| System control number | (Sirsi) u86972 |
| 041 ## - LANGUAGE CODE | |
| Language code of text/sound track or separate title | eng |
| 245 ## - TITLE STATEMENT | |
| Title | Rainbow Estates Ltd v Tokenhold Ltd and another |
| 260 ## - PUBLICATION, DISTRIBUTION, ETC. | |
| Date of publication, distribution, etc. | 1998 |
| 350 ## - PRICE (NR) (BK AM CF MU VM SE) [OBSOLETE] | |
| Price | 0 |
| 490 ## - SERIES STATEMENT | |
| Series statement | Estates Gazette Law Reports |
| Volume/sequential designation | (1998)24 EG 123-128(6) |
| 520 ## - SUMMARY, ETC. | |
| Summary, etc. | ChD 4 March 1998. The second defendant and his brother transferred the freehold of a Grade II listed building to V, a company owned by them. When a bank came to enforce its charge on the property in 1993, the brothers revealed the existence of two leases of the property each granted by V and containing a covenant by the tenant to repair the property demised. The defendants maintained that there was no obligation for the tenant to repair because the leases were subject to two agreements dated 17 November 1987 under which the repairs were to be the landlord`s responsibility, and applied to amend their defence to seek rectification of the repairing covenants. "Held" the applications to amend the defence were refused and an order for specific performance of the repairing covenants was granted. |
| 650 ## - SUBJECT ADDED ENTRY--TOPICAL TERM | |
| Topical term or geographic name entry element | CO-OPERATIVE INSURANCE SOCIETY LTD V ARGYLL STORES (HOLDINGS) LTD |
| 650 ## - SUBJECT ADDED ENTRY--TOPICAL TERM | |
| Topical term or geographic name entry element | JERVIS V HARRIS |
| 650 ## - SUBJECT ADDED ENTRY--TOPICAL TERM | |
| Topical term or geographic name entry element | NYKREDIT MORTGAGE BANK PLC V EDWARD ERDMAN GROUP LTD |
| 650 ## - SUBJECT ADDED ENTRY--TOPICAL TERM | |
| Topical term or geographic name entry element | REPAIRING COVENANT |
| 650 ## - SUBJECT ADDED ENTRY--TOPICAL TERM | |
| Topical term or geographic name entry element | REPAIRS |
| 650 ## - SUBJECT ADDED ENTRY--TOPICAL TERM | |
| Topical term or geographic name entry element | SPECIFIC PERFORMANCE |
| 690 ## - LOCAL SUBJECT ADDED ENTRY--TOPICAL TERM (OCLC, RLIN) | |
| Topical term or geographic name as entry element | LANDLORD AND TENANT-CASE LAW-BUSINESS TENANCIES |
| 942 ## - ADDED ENTRY ELEMENTS (KOHA) | |
| Suppress in OPAC | 0 |
| 948 ## - LOCAL PROCESSING INFORMATION (OCLC); SERIES PART DESIGNATOR (RLIN) | |
| c (OCLC) | 23/06/1998 |
| Withdrawn status | Lost status | Source of classification or shelving scheme | Damaged status | Not for loan | Home library | Current library | Shelving location | Date acquired | Total Checkouts | Full call number | Barcode | Date last seen | Copy number | Price effective from | Koha item type |
|---|---|---|---|---|---|---|---|---|---|---|---|---|---|---|---|
| Dewey Decimal Classification | London | London | Journal article | 14/09/1999 | ABS58922 | 86972-1001 | 06/08/2019 | 1 | 06/08/2019 | Law report |